000 00411nam a2200145Ia 4500
008 220217s9999||||xx |||||||||||||| ||und||
020 _a9780070593756
082 _a621.381 5 HOD
100 _ahalli
_9250
245 0 _aAnalysis and design of digital integrated circuit
250 _a3rd
260 _aTata mcgraw hill company Ltd
_bNew Delhi
_c2011
300 _aXIX, 578p.
_b495
650 _aCIRCUITRY
999 _c182822
_d182822